|
|
|
|
| LEADER |
00000nas a2200000 a 4500 |
| 001 |
ssj0007041 |
| 003 |
WaSeSS |
| 005 |
20200512172242.0 |
| 006 |
m d |
| 007 |
cr n |
| 008 |
021216c19789999sz mr p|s 0 0eng c |
| 010 |
|
|
|a 2008233369
|
| 016 |
7 |
|
|a 013253485
|2 Uk
|
| 022 |
|
|
|a 1618-0631
|l 0344-0338
|y 0344-0338
|
| 030 |
|
|
|a PARPDS
|
| 035 |
|
|
|a (WaSeSS)ssj0007041
|
| 037 |
|
|
|b Urban & Fischer, Niederlassung Jena, Löbdergraben 14a, 07743 Jena
|
| 040 |
|
|
|a F#A
|b eng
|c F#A
|d OCLCQ
|d MUQ
|d COU
|d UQ1
|d GUA
|d FQM
|d QCL
|d SERSO
|d OCLCQ
|d UKMGB
|d OCLCQ
|d OCLCO
|d MYG
|d OCLCF
|d OCLCO
|d EUW
|d OCLCO
|d OCLCQ
|d BUF
|d NTG
|d VT2
|d U3W
|d OCLCE
|d SFB
|d QE2
|d Z5A
|d CSU
|d UAB
|d AU@
|d NJT
|d OCLCO
|d OCLCA
|d WaSeSS
|
| 042 |
|
|
|a pcc
|
| 050 |
1 |
4 |
|a RB1
|
| 060 |
0 |
0 |
|a W1
|b PA963D
|
| 082 |
0 |
4 |
|a 571.9
|
| 210 |
1 |
|
|a Pathol. res. pract.
|b (Internet)
|
| 222 |
|
0 |
|a Pathology, research and practice
|b (Internet)
|
| 245 |
0 |
0 |
|a Pathology, research and practice
|h [electronic resource].
|
| 260 |
|
|
|a [Jena, Switzerland] :
|b Urban & Fischer
|
| 310 |
|
|
|a Monthly
|
| 362 |
1 |
|
|a Print began in 1978.
|
| 506 |
|
|
|a License restrictions may limit access.
|
| 538 |
|
|
|a Mode of access: World Wide Web.
|
| 588 |
|
|
|a Description based on: Vol. 197, no. 1 (2001); title from journal information screen (ScienceDirect, viewed Feb. 26, 2008).
|
| 588 |
|
|
|a Latest issue consulted: Vol. 204, no. 3 (Mar. 2008) (viewed Feb. 26, 2008).
|
| 650 |
|
0 |
|a Pathology
|v Periodicals.
|
| 650 |
|
6 |
|a Pathologie
|v Périodiques.
|
| 650 |
|
6 |
|a Pathologie expérimentale
|v Périodiques.
|
| 650 |
|
7 |
|a Pathology.
|2 fast
|0 (OCoLC)fst01054964
|
| 650 |
|
7 |
|a Pathologie.
|2 rasuqam
|
| 650 |
|
7 |
|a Pathologie expérimentale.
|2 rasuqam
|
| 650 |
|
2 |
|a Pathology.
|
| 650 |
|
2 |
|a Societies, Medical.
|
| 650 |
1 |
7 |
|a Pathologie.
|2 gtt
|
| 655 |
|
0 |
|a Electronic journals.
|
| 776 |
0 |
8 |
|i Print version:
|t Pathology, research and practice
|x 0344-0338
|w (DLC)sn 79002565
|w (OCoLC)4124817
|
| 780 |
0 |
0 |
|t Beiträge zur Pathologie
|
| 856 |
4 |
0 |
|z Full text available from Research Library: 01/01/2001 to 01/15/2005
|u https://search.proquest.com/publication/38123
|